| 000 | 01114cam a22002893a 4500 | ||
|---|---|---|---|
| 001 | 18804 | ||
| 003 | PGUSA | ||
| 005 | 20140828083411.0 | ||
| 008 | 060710s2006||||xxu|||||s|||||000 e eng d | ||
| 040 |
_aPGUSA _beng |
||
| 042 | _adc | ||
| 050 | 4 | _aPR | |
| 245 | 1 | 0 |
_aProse Masterpieces from Modern Essayists, Volume 3 of 3 _h[electronic resource] |
| 260 |
_bProject Gutenberg, _c2006 |
||
| 505 | 0 | _aThe Science of History. By James Anthony Froude -- Race and Language. By Edward A. Freeman -- Kin Beyond Sea. By William Ewart Gladstone -- Private Judgment. By John Henry Newman -- An Apology for Plainspeaking. By Leslie Stephen. | |
| 506 | _aPublic domain in the USA. | ||
| 516 | _aElectronic text | ||
| 653 | _aEnglish essays -- 19th century | ||
| 700 | 1 |
_aFreeman, Edward Augustus, _d1823-1892 |
|
| 700 | 1 |
_aFroude, James Anthony, _d1818-1894 |
|
| 700 | 1 |
_aNewman, John Henry, _d1801-1890 |
|
| 700 | 1 |
_aStephen, Leslie, _d1832-1904 |
|
| 700 | 1 |
_aGladstone, W. E. _q(William Ewart), _d1809-1898 |
|
| 830 | 0 |
_aProject Gutenberg _v18804 |
|
| 856 | 4 | 0 | _uhttp://www.gutenberg.org/ebooks/18804 |
| 942 | _cEB | ||
| 999 |
_c248059 _d248059 |
||